00468nam a22001571a 4500020000900000040002600009050002200035100002700057245005200084260004500136300001200181500005800193600002800251600002800279852000300307 c0.00 aNEGST Library - Kenya aBS 325.K4916 1965 aBible Society of Kenya aKi~ri~kani~ro ki~ri~a ki~eru~ ki~a Jesuh[Text] aNairobibThe Bible Society of kencc1965 a213 p.; a"The New Testament in Kikuyu"- T.P. verso. [Africana] aBible N.T. Kikuyu, 1965 aKikuyu language - Texts